Tannan's banking law and practice in India / (Record no. 141288)

MARC details
000 -LEADER
fixed length control field 00754nam a22002057a 4500
005 - DATE AND TIME OF LATEST TRANSACTION
control field 20170703140913.0
010 ## - LCCN (DPL NO)
LC control number ENG-118744
020 ## - INTERNATIONAL STANDARD BOOK NUMBER
International Standard Book Number 9789351436607
Terms of availability 1995.00
035 ## - SYSTEM CONTROL NUMBER
System control number EN-102276
037 ## - SOURCE OF ACQUISITION
Source of stock number/acquisition DBAD/PUB
082 ## - DEWEY DECIMAL CLASSIFICATION NUMBER
Classification number 346.54082
100 ## - MAIN ENTRY--PERSONAL NAME
Personal name Kothari, Vinod
245 ## - TITLE STATEMENT
Title Tannan's banking law and practice in India /
Statement of responsibility, etc by Vinod Kothari
250 ## - EDITION STATEMENT
Edition statement Twenty Sixth Edition
260 ## - PUBLICATION, DISTRIBUTION, ETC. (IMPRINT)
Place of publication, distribution, etc Gurgaon
Name of publisher, distributor, etc LexisNexis
Date of publication, distribution, etc 2017
270 ## - ADDRESS
Address 14th floor, Building No.10, Tower-B, DLF Cyber City, phase-II
City Gurgaon
Postal code 122002
300 ## - PHYSICAL DESCRIPTION
Extent ccxxiii,1632p.
Dimensions 24cm(pbk)
500 ## - GENERAL NOTE
General note includes index
942 ## - ADDED ENTRY ELEMENTS (KOHA)
Source of classification or shelving scheme Dewey Decimal Classification
Item type English Books
Classification part 346.54082
Call number suffix KOT
Holdings
Withdrawn status Lost status Not for loan Collection code Home library Current library Date acquired Source of acquisition Cost, normal purchase price Full call number Barcode Copy number Cost, replacement price Koha item type
    Not For Loan Non-fiction D.B.Act.Division Bawana 19/06/2017 DBAD/PUB 1995.00 346.54082 KOT EN- 102276 1 1995.00 English Books

© Delhi Public Library
Hit Counter
free hit counter